Astronave Senza Tempo

保存先:
書誌詳細
第一著者: Charles L.Harness
フォーマット: 図書
言語:言語不明
出版事項: Mondatori
タグ: タグ追加
タグなし, このレコードへの初めてのタグを付けませんか!

MARC

LEADER 00000nam a2200000Ia 4500
001 R-1935
003 CODICE-MESSINA
005 20260212102524.0
008 260211s9999 xx 000 0 und d
040 |c importazione_messina 
100 |a Charles L.Harness 
245 0 |a Astronave Senza Tempo 
260 |b Mondatori 
942 |2 ddc  |c BK 
952 |0 0  |1 0  |2 ddc  |4 0  |6 SCAFFALE_20_000000000000000__STANZA_2__ROMANZI  |7 0  |9 32776  |a ME  |b ME  |d 2026-02-11  |l 0  |o SCAFFALE 20 - STANZA 2 - ROMANZI  |p R-1935  |r 2026-02-11 23:53:23  |w 2026-02-11  |x [REVISIONARE]  |y BK 
999 |c 28443  |d 28443